| 000 | 01836nim a2200397 i 4500 | ||
|---|---|---|---|
| 001 | 197219 | ||
| 003 | ES-MaACL | ||
| 005 | 20250828062601.0 | ||
| 007 | ss lsnjlcipnne | ||
| 008 | 250424s1990 sp nnnn |||| 00| spa d | ||
| 040 |
_bspa _cES-MaACL |
||
| 245 | 0 | 0 |
_aHomenaje a la memoria de Manuel Azaña _h[Grabación sonora] |
| 260 |
_aMadrid : _bAteneo de Madrid, _c1990. |
||
| 300 |
_a1 casete (ca. 90 min) : _bson. ; _c11 cm |
||
| 490 | 1 | _3Actos culturales en el Ateneo de Madrid | |
| 518 | _aGrabado el 5 de noviembre de 1990 en el Salón de Actos del Ateneo de Madrid. | ||
| 520 | _aHomenaje a Manuel Azaña. Intervienen-, José Prat, presidente del Ateneo de Madrid, Antonio Pau Pedrón, letrado del Ministerio de Justicia, José María Marco, comisario de la exposición "Manuel Azaña", Eduardo Prada, oficial del ejercito republicano y Lorenzo López Sancho, periodista y cronista oficial de la villa de Madrid. | ||
| 540 | _aDocumento inédito | ||
| 594 | _5Datos basados en la invitación. | ||
| 600 | 1 | 4 |
_924225 _aAzaña, Manuel, 1880-1940- _vHomenajes |
| 610 | 2 | 0 |
_aAteneo de Madrid- _xActos culturales- _y1990- _vGrabaciones sonoras _9240083 |
| 653 | _aArchivo de la palabra | ||
| 655 | 7 |
_2tgfbne _9226850 _aHomenajes |
|
| 700 | 1 |
_993665 _aPrat, José, _d1905-1994 _eora |
|
| 700 | 0 |
_989620 _aPau Pedrón, Antonio _eora |
|
| 700 | 0 |
_976467 _aMarco, José María _eora |
|
| 700 | 0 |
_993579 _aPrada Manso, Eduardo _eora |
|
| 700 | 1 |
_aLópez Sancho, Lorenzo, _d1910-2001 _eora _973962 |
|
| 710 | 2 |
_92012 _aAteneo de Madrid. _bSección Iberoamericana _ehis |
|
| 710 | 2 |
_aAteneo de Madrid _ehis _91875 |
|
| 830 | 0 |
_aActos culturales en el Ateneo de Madrid _9240237 |
|
| 852 |
_aES-MaACL _cDEPOZ _9205335 |
||
| 942 |
_2udc _n0 _cCINTASAUD |
||
| 999 |
_c197219 _d197219 |
||